[Event "Split op 6th"]
[Site "Split"]
[Date "2016.08.17"]
[Round "6"]
[White "Katavic, Borivoj"]
[Black "Rodi, Luis Ernesto"]
[Result "0-1"]
[WhiteElo "2168"]
[BlackElo "2344"]
[PlyCount "100"]
[EventDate "2016.08.13"]
[EventType "swiss"]
[EventRounds "9"]
[EventCountry "CRO"]
[SourceTitle "CBM 173 Extra"]
[Source "ChessBase"]
[SourceDate "2016.08.29"]
[SourceVersion "1"]
[SourceVersionDate "2016.08.29"]
[SourceQuality "1"]

1. e4 e5 2. Nc3 Nf6 3. g3 d5 4. exd5 Nxd5 5. Bg2 Nxc3 6. bxc3 Nc6 7. Ne2 Bd6 8. h3 0-0 9. 0-0 Bd7 10. d3 Ne7 11. c4 Bc6 12. c3 Qd7 13. Qb3 Bxg2 14. Kxg2 Qc6+ 15. Kh2 Qf3 16. Qd1 Rad8 17. Be3 Nf5 18. Ng1 Qc6 19. Qg4 Nxe3 20. fxe3 e4 21. d4 Qxc4 22. Qxe4 Rfe8 23. Qf3 Qxc3 24. Rae1 Re6 25. Kg2 Qd3 26. g4 b6 27. Re2 a5 28. h4 Rf6 29. Qd5 Rxf1 30. Kxf1 Re8 31. Qf3 h6 32. Nh3 Re6 33. g5 hxg5 34. hxg5 Kf8 35. Nf4 Bxf4 36. Qxf4 Kg8 37. Ke1 Rc6 38. Qg4 g6 39. Qc8+ Kg7 40. Qg4 Rc1+ 41. Kf2 Qd1 42. Qg2 Qxe2+ 43. Kxe2 Rc2+ 44. Kf3 Rxg2 45. Kxg2 b5 46. e4 f6 47. d5 fxg5 48. e5 Kf7 49. Kf3 b4 50. Ke4 Ke7 0-1

[Event "Split op 2nd"]
[Site "Split"]
[Date "2012.08.18"]
[Round "8"]
[White "Doric, Nenad"]
[Black "Katavic, Borivoj"]
[Result "0-1"]
[WhiteElo "2322"]
[BlackElo "2182"]
[PlyCount "100"]
[EventDate "2012.08.11"]
[EventType "swiss"]
[EventRounds "9"]
[EventCountry "CRO"]
[SourceTitle "CBM 149 Extra"]
[Source "ChessBase"]
[SourceDate "2012.08.24"]
[SourceVersion "1"]
[SourceVersionDate "2012.08.24"]
[SourceQuality "1"]

1. Nf3 Nf6 2. c4 g6 3. Nc3 Bg7 4. e4 d6 5. d4 0-0 6. Be2 c5 7. 0-0 Na6 8. Be3 b6 9. d5 Nc7 10. Bf4 Nh5 11. Bg5 h6 12. Be3 e5 13. Qd2 Kh7 14. Ne1 Nf6 15. Nd3 g5 16. f3 Qe7 17. g3 Bh3 18. Rf2 Nd7 19. g4 Bf6 20. Kh1 h5 21. Rg1 Rg8 22. Rg3 h4 23. Rxh3 Nf8 24. Bd1 Ng6 25. Ne2 Kg7 26. Rg2 a6 27. Bc2 Rh8 28. Nc3 Rad8 29. f4 exf4 30. Bg1 b5 31. b3 b4 32. Nd1 Ne8 33. N1f2 Bc3 34. Qe2 Nf6 35. e5 Nxe5 36. Nxe5 Rde8 37. Nfd3 Nd7 38. Rf3 h3 39. Rgf2 Bxe5 40. Rf1 Qf6 41. Qd1 Bc3 42. Nxf4 gxf4 43. Rxf4 Qe7 44. Rxf7+ Qxf7 45. Rxf7+ Kxf7 46. Qf3+ Ke7 47. Qf5 Kd8 48. Qg5+ Kc7 49. Bf5 Re1 50. Bxd7 Bd4 0-1

[Event "Split op 2nd"]
[Site "Split"]
[Date "2012.08.16"]
[Round "6"]
[White "Lopez de Turiso, Jose Angel"]
[Black "Katavic, Borivoj"]
[Result "0-1"]
[WhiteElo "2044"]
[BlackElo "2182"]
[PlyCount "106"]
[EventDate "2012.08.11"]
[EventType "swiss"]
[EventRounds "9"]
[EventCountry "CRO"]
[SourceTitle "CBM 149 Extra"]
[Source "ChessBase"]
[SourceDate "2012.08.24"]
[SourceVersion "1"]
[SourceVersionDate "2012.08.24"]
[SourceQuality "1"]

1. Nf3 Nf6 2. c4 g6 3. Nc3 Bg7 4. e4 d6 5. d4 0-0 6. Be2 c6 7. 0-0 e5 8. dxe5 dxe5 9. Qxd8 Rxd8 10. Bg5 Re8 11. Rad1 Nbd7 12. h3 Nc5 13. Bd3 Nh5 14. Rfe1 Ne6 15. Kh2 Nxg5 16. Nxg5 h6 17. Nf3 Nf4 18. Bf1 Ne6 19. g3 g5 20. Bg2 Nd4 21. Nxd4 exd4 22. Nb1 Be6 23. Nd2 a5 24. Bf1 a4 25. Bd3 Rab8 26. b3 b5 27. bxa4 bxc4 28. Bxc4 Bxc4 29. Nxc4 Rb4 30. Nd6 Rd8 31. e5 Bxe5 32. Rxe5 Rxd6 33. Rd2 Rc4 34. Kg2 Rc3 35. Kf1 d3 36. f4 gxf4 37. gxf4 Rc1+ 38. Kf2 c5 39. a5 c4 40. Re3 Kg7 41. f5 Kf6 42. Rf3 Rd5 43. Ke3 Re1+ 44. Kf2 Re4 45. a6 Ra5 46. a7 Rxa7 47. Rb2 Ke5 48. f6 Kd4 49. Rf5 Ra4 50. Rfb5 Kc3 51. Rb7 Rf4+ 52. Ke3 Rxf6 53. Rg2 Raa6 0-1

[Event "Split op 2nd"]
[Site "Split"]
[Date "2012.08.12"]
[Round "2"]
[White "Armanda, Ivica"]
[Black "Katavic, Borivoj"]
[Result "1-0"]
[WhiteElo "2398"]
[BlackElo "2182"]
[PlyCount "71"]
[EventDate "2012.08.11"]
[EventType "swiss"]
[EventRounds "9"]
[EventCountry "CRO"]
[SourceTitle "CBM 149 Extra"]
[Source "ChessBase"]
[SourceDate "2012.08.24"]
[SourceVersion "1"]
[SourceVersionDate "2012.08.24"]
[SourceQuality "1"]

1. e4 e5 2. Bc4 Nf6 3. d3 Bc5 4. Nf3 d6 5. 0-0 0-0 6. c3 Bg4 7. h3 Be6 8. Nbd2 Bxc4 9. Nxc4 h6 10. a4 a6 11. Qb3 Qc8 12. d4 Ba7 13. dxe5 Nxe4 14. exd6 b5 15. Ne3 Nxd6 16. Nd5 Re8 17. Bf4 Nd7 18. Bxd6 cxd6 19. axb5 Nc5 20. Qc4 axb5 21. Qxb5 Rb8 22. Qc4 Qb7 23. Nb4 Re4 24. Qa2 Bb6 25. Rfd1 Re6 26. Nd4 Rg6 27. Qd5 Qd7 28. Qf5 Ne6 29. Nd5 Bxd4 30. cxd4 Rg5 31. Qf3 Qb7 32. Ra5 Qxb2 33. h4 Nxd4 34. Rxd4 Qxd4 35. hxg5 Rb1+ 36. Kh2 1-0

[Event "CRO Cup 21st"]
[Site "Sibenik"]
[Date "2012.05.18"]
[Round "4.44"]
[White "Katavic, Borivoj"]
[Black "Plenca, Julian"]
[Result "0-1"]
[WhiteElo "2185"]
[BlackElo "2326"]
[PlyCount "104"]
[EventDate "2012.05.16"]
[EventType "team-swiss"]
[EventRounds "6"]
[EventCountry "CRO"]
[SourceTitle "CBM 148 Extra"]
[Source "ChessBase"]
[SourceDate "2012.06.22"]
[SourceVersion "1"]
[SourceVersionDate "2012.06.22"]
[SourceQuality "1"]
[WhiteTeam "Split Brda"]
[BlackTeam "Rijeka Rijeka"]
[WhiteTeamCountry "CRO"]
[BlackTeamCountry "CRO"]

1. e4 c5 2. Nc3 e6 3. Nf3 a6 4. d4 cxd4 5. Nxd4 b5 6. Bd3 Qb6 7. Nb3 Qc7 8. f4 d6 9. Be3 Nf6 10. a3 Be7 11. 0-0 Nbd7 12. Be2 Bb7 13. Bf3 Rc8 14. Rf2 Nb6 15. Nd2 e5 16. f5 0-0 17. Bxb6 Qxb6 18. Nd5 Nxd5 19. exd5 Bg5 20. Kf1 Be3 21. Re2 Bxd2 22. Qxd2 Rc4 23. f6 Rf4 24. fxg7 Rc8 25. Re4 Rc4 26. Rae1 Qc5 27. Rxc4 Qxc4+ 28. Kg1 Qd4+ 29. Qe3 Bxd5 30. c3 Qxe3+ 31. Rxe3 Bxf3 32. gxf3 Rc4 33. Rd3 Rc6 34. f4 Kxg7 35. Kf2 Rc4 36. fxe5 dxe5 37. Kg3 Rc6 38. Rd7 Kg6 39. Rd5 f6 40. Rd7 h6 41. Rd8 Kf5 42. Rh8 Rd6 43. Rxh6 Rd3+ 44. Kf2 Rd2+ 45. Ke3 Rxb2 46. a4 bxa4 47. Rh4 a3 48. Ra4 a2 49. h4 Rh2 50. Kd3 Rh3+ 51. Kc2 Rxh4 52. Rxa6 Rh1 0-1

[Event "Split op 1st"]
[Site "Split"]
[Date "2011.08.09"]
[Round "5"]
[White "Katavic, Borivoj"]
[Black "Pejic, Irving"]
[Result "1-0"]
[WhiteElo "2197"]
[BlackElo "2097"]
[PlyCount "55"]
[EventDate "2011.08.05"]
[EventType "swiss"]
[EventRounds "9"]
[EventCountry "CRO"]
[SourceTitle "CBM 143 Extra"]
[Source "ChessBase"]
[SourceDate "2011.08.29"]
[SourceVersion "1"]
[SourceVersionDate "2011.08.29"]
[SourceQuality "1"]

1. g3 e5 2. Nf3 e4 3. Nd4 c5 4. Nb3 c4 5. Nd4 Bc5 6. e3 d5 7. d3 cxd3 8. cxd3 Nf6 9. h3 0-0 10. Nc3 Re8 11. Nb3 Bd6 12. d4 Nbd7 13. g4 Nb6 14. Be2 Be6 15. Nb5 Be7 16. Nc5 Bc8 17. Bd2 a6 18. Na3 Nfd7 19. Ba5 Nxc5 20. dxc5 Bxc5 21. Qb3 Qd6 22. Rc1 Be6 23. Rxc5 Qxc5 24. Qxb6 Qc1+ 25. Bd1 d4 26. Qxd4 Bxa2 27. Bc3 f6 28. 0-0 1-0

[Event "CRO-Cup 20th"]
[Site "Sibenik"]
[Date "2011.05.21"]
[Round "5.122"]
[White "Katavic, Borivoj"]
[Black "Belani, Marijan"]
[Result "1/2-1/2"]
[WhiteElo "2212"]
[BlackElo "2107"]
[PlyCount "116"]
[EventDate "2011.05.18"]
[EventType "team-swiss"]
[EventRounds "6"]
[EventCountry "CRO"]
[SourceTitle "CBM 142 Extra"]
[Source "ChessBase"]
[SourceDate "2011.06.27"]
[SourceVersion "1"]
[SourceVersionDate "2011.06.27"]
[SourceQuality "1"]
[WhiteTeam "Split"]
[BlackTeam "Krizevci"]
[WhiteTeamCountry "CRO"]
[BlackTeamCountry "CRO"]

1. e4 d6 2. d4 Nf6 3. f3 g6 4. Nc3 Bg7 5. Bc4 c6 6. a4 0-0 7. Bb3 Qc7 8. Be3 e5 9. Qd2 a6 10. Nge2 Nbd7 11. dxe5 dxe5 12. a5 b5 13. axb6 Nxb6 14. Ng3 Rd8 15. Qf2 Nbd7 16. 0-0 Bb7 17. Na4 Re8 18. Rfd1 Rad8 19. Rd3 Qc8 20. Rad1 Nf8 21. Nc5 Rxd3 22. Rxd3 N8d7 23. Qd2 Nxc5 24. Bxc5 Qc7 25. Ne2 Bc8 26. Bc4 Nd7 27. Be3 Nb6 28. Qa5 Na8 29. Qa2 Nb6 30. Bxa6 Bxa6 31. Qxa6 c5 32. Qb5 Rc8 33. Nc3 Bf8 34. Kf2 Rb8 35. b3 Kg7 36. Rd1 Qc8 37. Qe2 f5 38. f4 Qe6 39. Qf3 c4 40. Nd5 cxb3 41. cxb3 fxe4 42. Qxe4 Nxd5 43. Rxd5 Rxb3 44. Bd4 Kf7 45. Rxe5 Qc4 46. f5 Rb4 47. Rd5 Qa2+ 48. Kf3 Qb3+ 49. Kf4 Bh6+ 50. Kg4 Qd1+ 51. Kh4 g5+ 52. Kg3 Rb3+ 53. Kf2 Qd2+ 54. Kf1 Qd1+ 55. Qe1 Rf3+ 56. gxf3 Qxf3+ 57. Qf2 Qxd5 58. f6 Qh1+ 1/2-1/2

[Event "CRO-chT1B 19th"]
[Site "Sibenik"]
[Date "2010.09.04"]
[Round "1"]
[White "Katavic, Borivoj"]
[Black "Markotic, Gordan"]
[Result "0-1"]
[WhiteElo "2221"]
[BlackElo "2279"]
[PlyCount "96"]
[EventDate "2010.09.04"]
[EventType "team-tourn"]
[EventRounds "9"]
[EventCountry "CRO"]
[SourceTitle "CBM 138 Extra"]
[Source "ChessBase"]
[SourceDate "2010.10.29"]
[SourceVersion "1"]
[SourceVersionDate "2010.10.29"]
[SourceQuality "1"]

1. g3 d5 2. Bg2 c6 3. f4 g6 4. Nf3 Bg7 5. d3 Nh6 6. c3 Qb6 7. e4 dxe4 8. dxe4 0-0 9. Qe2 e5 10. Be3 Qa6 11. h3 Qxe2+ 12. Kxe2 exf4 13. gxf4 Re8 14. Nbd2 Nd7 15. Kf2 Bf8 16. b4 c5 17. a3 b6 18. Nh4 Bb7 19. e5 Bxg2 20. Nxg2 f6 21. exf6 Nf5 22. Kf3 Nxf6 23. Nc4 Nd5 24. Rac1 Rac8 25. Rhd1 cxb4 26. cxb4 Rxc4 27. Rxc4 Ndxe3 28. Re1 Nxc4 29. Rxe8 Nxa3 30. Ra8 Nb5 31. Ne1 Nfd4+ 32. Ke4 Nc6 33. Nd3 Kg7 34. f5 gxf5+ 35. Kf4 Nxb4 36. Nxb4 Bxb4 37. Kxf5 a5 38. Rb8 Nd6+ 39. Ke6 Bc5 40. Ra8 Ne4 41. Kf5 Nc3 42. Kg5 a4 43. Ra7+ Kg8 44. h4 a3 45. h5 a2 46. h6 b5 47. Ra8+ Kf7 48. Ra6 b4 0-1

[Event "CRO-chT2 qual"]
[Site "Split"]
[Date "2009.12.28"]
[Round "1"]
[White "Katavic, Borivoj"]
[Black "Patarcic, Domagoj"]
[Result "1-0"]
[WhiteElo "2221"]
[BlackElo "2008"]
[PlyCount "40"]
[EventDate "2009.12.28"]
[EventType "team-tourn"]
[EventRounds "3"]
[EventCountry "CRO"]
[SourceTitle "CBM 134 Extra"]
[Source "ChessBase"]
[SourceDate "2010.03.03"]
[SourceVersion "1"]
[SourceVersionDate "2010.03.03"]
[SourceQuality "1"]

1. g3 Nf6 2. Bg2 e5 3. Nf3 Nc6 4. d4 exd4 5. Nxd4 Bc5 6. Nb3 Bb6 7. Nc3 Qe7 8. 0-0 a5 9. Bg5 Qe5 10. Bf4 Qe7 11. Na4 Ba7 12. Bxc7 Qb4 13. Nc3 a4 14. Bd6 Qc4 15. Nd2 Qa6 16. Nde4 Nd4 17. e3 Nxe4 18. Nxe4 f5 19. exd4 fxe4 20. Qh5+ Kd8 1-0

[Event "CRO-Cup 18th"]
[Site "Sibenik"]
[Date "2009.05.22"]
[Round "3"]
[White "Katavic, Borivoj"]
[Black "Novak, Ratko"]
[Result "1-0"]
[WhiteElo "2188"]
[BlackElo "2230"]
[PlyCount "97"]
[EventDate "2009.05.20"]
[EventType "team-tourn"]
[EventRounds "5"]
[EventCountry "CRO"]
[SourceTitle "CBM 130 Extra"]
[Source "ChessBase"]
[SourceDate "2009.07.02"]
[SourceVersion "2"]
[SourceVersionDate "2009.07.15"]
[SourceQuality "1"]

1. g3 d5 2. Bg2 e5 3. c4 d4 4. d3 c5 5. Nf3 Nc6 6. e3 Nf6 7. exd4 exd4 8. 0-0 Be7 9. h3 0-0 10. Re1 h6 11. g4 Nh7 12. Nbd2 f5 13. Ne5 Nxe5 14. Rxe5 Bd6 15. Rd5 Nf6 16. Rxf5 Bxf5 17. gxf5 Qe7 18. Ne4 Rae8 19. Bd2 Bb8 20. f4 Nd7 21. Qg4 b6 22. Kh1 Nf6 23. Nxf6+ Qxf6 24. Be4 Bd6 25. Rg1 Kh8 26. Qh5 Qf7 27. Rg6 Rxe4 28. dxe4 Qxc4 29. e5 Be7 30. Rg2 Qf7 31. Qg4 c4 32. Be1 b5 33. e6 Qg8 34. Qh5 b4 35. Bf2 Rd8 36. Rg6 Qf8 37. Bh4 Bxh4 38. Qxh4 Qe8 39. Rg2 d3 40. f6 d2 41. fxg7+ Kh7 42. g8Q+ Qxg8 43. Qe7+ Kh8 44. Rxg8+ Rxg8 45. Qd7 c3 46. bxc3 bxc3 47. Qd4+ Kh7 48. Qd3+ Rg6 49. e7 1-0

[Event "Split op"]
[Site "Split"]
[Date "2009.04.29"]
[Round "2"]
[White "Ivic, Mateo"]
[Black "Katavic, Borivoj"]
[Result "1-0"]
[WhiteElo "2255"]
[BlackElo "2188"]
[PlyCount "61"]
[EventDate "2009.04.28"]
[EventType "swiss"]
[EventRounds "7"]
[EventCountry "CRO"]
[SourceTitle "CBM 130 Extra"]
[Source "ChessBase"]
[SourceDate "2009.07.02"]
[SourceVersion "2"]
[SourceVersionDate "2009.07.15"]
[SourceQuality "1"]

1. e4 Nf6 2. e5 Nd5 3. d4 d6 4. Nf3 Nb6 5. Be2 g6 6. Nc3 Bg7 7. Bf4 Nc6 8. exd6 cxd6 9. d5 Ne5 10. Bb5+ Bd7 11. Bxe5 dxe5 12. Qe2 0-0 13. Bxd7 Nxd7 14. 0-0 a6 15. Rad1 Re8 16. Ne4 h6 17. d6 b5 18. a4 b4 19. a5 e6 20. Qc4 f5 21. Ng3 Rc8 22. Qxa6 Rxc2 23. Qb7 e4 24. Nd4 Bxd4 25. Rxd4 Nc5 26. Qc6 b3 27. d7 Rf8 28. a6 Nxa6 29. Qxe6+ Kh7 30. Rd6 Rg8 31. Nh5 1-0

[Event "Stobrec op"]
[Site "Stobrec"]
[Date "2008.07.31"]
[Round "5"]
[White "Saric, Branko"]
[Black "Katavic, Borivoj"]
[Result "1/2-1/2"]
[WhiteElo "1902"]
[BlackElo "2175"]
[PlyCount "76"]
[EventDate "2008.07.26"]
[EventType "swiss"]
[EventRounds "7"]
[EventCountry "CRO"]
[SourceTitle "EXT 2009"]
[Source "ChessBase"]
[SourceDate "2008.11.26"]
[SourceVersion "1"]
[SourceVersionDate "2008.11.26"]
[SourceQuality "1"]

1. Nf3 Nf6 2. g3 g6 3. Bg2 Bg7 4. 0-0 0-0 5. d4 d6 6. c4 c6 7. Nc3 Qa5 8. Bg5 h6 9. Bd2 Qh5 10. Qb3 e5 11. dxe5 dxe5 12. e4 Re8 13. Nh4 b6 14. h3 Bxh3 15. a4 Bg4 16. a5 Nbd7 17. f3 Be6 18. Nd5 cxd5 19. cxd5 Nc5 20. Qe3 Bd7 21. b4 Bf8 22. Rfc1 Rac8 23. axb6 axb6 24. bxc5 Bxc5 25. Rxc5 Rxc5 26. Qxh6 Qxh6 27. Bxh6 Ra5 28. Rb1 b5 29. Bf1 Rb8 30. Bd2 Ra2 31. Bb4 Nh5 32. Bd6 Rba8 33. g4 Nf4 34. Re1 Kg7 35. Ng2 Nh3+ 36. Kh2 Nf2 37. Kg3 f6 38. Ne3 Rc8 1/2-1/2

[Event "Stobrec op"]
[Site "Stobrec"]
[Date "2008.07.29"]
[Round "3"]
[White "Krstic, Uros"]
[Black "Katavic, Borivoj"]
[Result "1-0"]
[WhiteElo "2367"]
[BlackElo "2175"]
[PlyCount "49"]
[EventDate "2008.07.26"]
[EventType "swiss"]
[EventRounds "7"]
[EventCountry "CRO"]
[SourceTitle "EXT 2009"]
[Source "ChessBase"]
[SourceDate "2008.11.26"]
[SourceVersion "1"]
[SourceVersionDate "2008.11.26"]
[SourceQuality "1"]

1. e4 c5 2. Nf3 Nc6 3. d4 cxd4 4. Nxd4 Qc7 5. Nc3 e6 6. f4 a6 7. Nxc6 Qxc6 8. Bd3 Nf6 9. 0-0 d5 10. exd5 Nxd5 11. Nxd5 Qxd5 12. c4 Qc6 13. Kh1 Be7 14. Bd2 b6 15. Re1 Bb7 16. Be4 Qd7 17. Bc3 Bxe4 18. Rxe4 Qb7 19. Qe2 0-0 20. f5 Bd6 21. f6 g6 22. Qd2 Rfd8 23. Rd4 Be7 24. fxe7 Qxe7 25. Rd1 1-0

[Event "Stobrec op"]
[Site "Stobrec"]
[Date "2008.07.26"]
[Round "1"]
[White "Katavic, Borivoj"]
[Black "Buzancic, Tihomir"]
[Result "1-0"]
[WhiteElo "2175"]
[BlackElo "1751"]
[PlyCount "57"]
[EventDate "2008.07.26"]
[EventType "swiss"]
[EventRounds "7"]
[EventCountry "CRO"]
[SourceTitle "EXT 2009"]
[Source "ChessBase"]
[SourceDate "2008.11.26"]
[SourceVersion "1"]
[SourceVersionDate "2008.11.26"]
[SourceQuality "1"]

1. g3 g6 2. Bg2 Bg7 3. d3 d6 4. c3 c6 5. f4 Nf6 6. Nf3 Qb6 7. e3 0-0 8. Na3 Bg4 9. 0-0 Nbd7 10. Nc4 Qc7 11. e4 Nb6 12. Ne3 Bxf3 13. Bxf3 e5 14. f5 Rad8 15. g4 d5 16. Qe2 dxe4 17. dxe4 h6 18. h4 Nh7 19. Bg2 Qe7 20. Qf2 Rd3 21. Nc2 Rfd8 22. g5 hxg5 23. hxg5 Nxg5 24. f6 Qe6 25. Bxg5 Bf8 26. Ne3 Rd2 27. Qh4 Rxb2 28. Rf3 Rdd2 29. Rh3 1-0

[Event "Split op"]
[Site "Split"]
[Date "2008.05.03"]
[Round "7"]
[White "Katavic, Borivoj"]
[Black "Bozanic, Ivica"]
[Result "1/2-1/2"]
[WhiteElo "2165"]
[BlackElo "2233"]
[PlyCount "40"]
[EventDate "2008.04.28"]
[EventType "swiss"]
[EventRounds "9"]
[EventCountry "CRO"]
[SourceTitle "EXT 2009"]
[Source "ChessBase"]
[SourceDate "2008.11.26"]
[SourceVersion "1"]
[SourceVersionDate "2008.11.26"]
[SourceQuality "1"]

1. g3 e5 2. Nf3 e4 3. Nd4 g6 4. d3 exd3 5. cxd3 Bg7 6. Nc2 d5 7. Bg2 Nf6 8. 0-0 0-0 9. Nc3 c6 10. e4 dxe4 11. dxe4 Nbd7 12. Be3 Nb6 13. Qe2 Be6 14. Rad1 Qc8 15. b3 Bh3 16. Rd3 Bxg2 17. Kxg2 Re8 18. f3 Rd8 19. Rfd1 Rxd3 20. Rxd3 Qe6 1/2-1/2

[Event "Split MIC op"]
[Site "Split"]
[Date "2007.05.03"]
[Round "7"]
[White "Katavic, Borivoj"]
[Black "Milosavljevic, Jovan"]
[Result "1-0"]
[WhiteElo "2137"]
[BlackElo "2088"]
[PlyCount "123"]
[EventDate "2007.04.28"]
[EventType "swiss"]
[EventRounds "9"]
[EventCountry "CRO"]
[SourceTitle "EXT 2008"]
[Source "ChessBase"]
[SourceDate "2007.11.25"]
[SourceVersion "1"]
[SourceVersionDate "2007.11.25"]
[SourceQuality "1"]

1. e4 c5 2. Nf3 e6 3. d4 cxd4 4. Nxd4 a6 5. Nc3 Qc7 6. g3 Bb4 7. Bd2 Ne7 8. Bg2 Nbc6 9. Nb3 Ng6 10. 0-0 h5 11. a3 Bd6 12. f4 h4 13. Be3 hxg3 14. hxg3 b6 15. e5 Be7 16. Ne4 f5 17. Nd6+ Bxd6 18. Qxd6 Qxd6 19. exd6 Rb8 20. Rfe1 Nd8 21. Rac1 Bb7 22. Bxb6 Bxg2 23. Bxd8 Be4 24. Ba5 Rh1+ 25. Kf2 Rh2+ 26. Ke3 Bxc2 27. Nd2 Rxb2 28. Bc3 Ra2 29. Ra1 Rxa1 30. Rxa1 Kf7 31. a4 Rh8 32. Ra2 Bd1 33. Ra3 Rc8 34. Kd4 Rc6 35. Bb4 a5 36. Bc5 e5+ 37. fxe5 Nxe5 38. Re3 Ng6 39. Nc4 Bxa4 40. Nb6 Rxb6 41. Bxb6 Bc6 42. Bxa5 Nf8 43. Re7+ Kf6 44. Ke3 Ne6 45. Bc3+ Kg6 46. Be5 Kh6 47. Kf2 g5 48. Rf7 f4 49. Rf6+ Kh5 50. gxf4 gxf4 51. Bxf4 Kg4 52. Be3 Bd5 53. Ke2 Bc4+ 54. Kd2 Bd5 55. Kd3 Nd8 56. Kd4 Be6 57. Ke4 Ba2 58. Rg6+ Kh5 59. Rg5+ Kh4 60. Ra5 Bb1+ 61. Kf3 Nc6 62. Bf2+ 1-0